<Die> Leistungsbeurteilung als Führungsmittel Zwecke und Aufgaben von Qualifikationssystemen

Guardado en:
Detalles Bibliográficos
Autor principal: Lattmann, Charles
Formato: Libro
Lenguaje:alemán
Publicado: Bern Haupt 1975
Edición:1. Aufl.
Colección:Uni Taschenbücher 438
Materias:
Etiquetas: Agregar Etiqueta
Sin Etiquetas, Sea el primero en etiquetar este registro!

MARC

LEADER 00000nam a2200000 4500
001 c018799
005 20250707103554.9
020 |a 3-258-01058-7 
041 0 |a ger 
044 |a CH 
245 1 0 |a <Die> Leistungsbeurteilung als Führungsmittel  |b Zwecke und Aufgaben von Qualifikationssystemen  |c Charles Lattmann 
250 |a 1. Aufl. 
264 1 |a Bern  |b Haupt  |c 1975 
300 |a 330 s. 
490 1 |a Uni Taschenbücher  |v 438 
830 0 |a Uni Taschenbücher  |v 438 
610 2 0 |a riadenie podnikové 
610 2 0 |a spolupracovníci 
610 2 0 |a výkony pracovné 
610 2 0 |a ohodnotenie osobné 
610 2 0 |a výkonnosť 
610 2 0 |a kritériá rozhodovania 
610 2 0 |a kvalifikácia 
610 2 0 |a manažment 
610 2 0 |a plánovanie 
610 2 0 |a oceňovanie 
610 2 0 |a stupne kvality 
610 2 0 |a motivácia 
100 1 |a Lattmann, Charles